[Event "KGSRL - CREC"]
[Site "KGSRL"]
[Date "2013.02.03"]
[Round "8.7"]
[White "Goormachtigh, Johan"]
[Black "Bruno, Ricardo"]
[Result "1/2-1/2"]
[WhiteElo "2201"]
[BlackElo "2021"]
[PlyCount "66"]
[EventDate "2013.??.??"]

1. d4 Nf6 2. c4 e6 3. Nc3 d5 4. cxd5 exd5 5. Bg5 Nbd7 6. e3 Be7 7. Bd3 O-O 8.
Qc2 Re8 9. Nf3 Nf8 10. h3 g6 11. O-O-O Be6 12. g4 c5 13. Bb5 N6d7 14. Bxd7 Nxd7
15. Bxe7 Qxe7 16. dxc5 Qxc5 17. Nd4 Nb6 18. Nce2 Qa5 19. Kb1 Rac8 20. Qb3 Rc4
21. Qb5 Qxb5 22. Nxb5 Rc5 23. Nbc3 Nc4 24. Nf4 Na3+ 25. bxa3 Rxc3 26. Nxd5 Bxd5
27. Rxd5 Rec8 28. Rhd1 R8c6 29. Rb5 b6 30. Rb3 Rc2 31. Rb2 R2c3 32. Rb3 Rc2 33.
Rb2 R2c3 1/2-1/2

[Event "KGSRL - CREC"]
[Site "KGSRL"]
[Date "2013.02.03"]
[Round "8.5"]
[White "Vandenbussche, Thibaut"]
[Black "Bauduin, Etienne"]
[Result "1-0"]
[WhiteElo "2400"]
[BlackElo "2249"]
[PlyCount "173"]
[EventDate "2013.??.??"]

1. e4 e6 2. d4 d5 3. Nd2 c5 4. exd5 Qxd5 5. Ngf3 cxd4 6. Bc4 Qd7 7. O-O Nc6 8.
Nb3 Nf6 9. Nbxd4 Nxd4 10. Nxd4 a6 11. a4 Bc5 12. c3 O-O 13. Bg5 Ne4 14. Be3 Qc7
15. Bd3 Nf6 16. Bg5 Nd5 17. Re1 Bd6 18. Qh5 g6 19. Qh4 Bf4 20. Nf3 f6 21. Bxf4
Nxf4 22. Be4 Bd7 23. g3 Nh5 24. Nd2 Ng7 25. Bg2 Nf5 26. Qc4 Rac8 27. Qxc7 Rxc7
28. f4 Kf7 29. Kf2 Rd8 30. Nf3 b6 31. Rad1 Rb8 32. g4 Ng7 33. b3 Bc6 34. Re3
Bxf3 35. Bxf3 b5 36. a5 Ke7 37. Red3 Ne8 38. Be2 Rbc8 39. Rh3 Kf8 40. c4 b4 41.
f5 exf5 42. gxf5 Re7 43. Rd5 Kg7 44. Re3 Kf8 45. c5 Nc7 46. Rd6 Ne8 47. Rxa6
Rxc5 48. fxg6 hxg6 49. Ra8 Rxe3 50. Kxe3 Ke7 51. Kd4 Re5 52. Bc4 Nc7 53. Ra7
Kd6 54. a6 Ra5 55. Rb7 Kc6 56. Rb8 Nxa6 57. Rf8 Nc7 58. Rxf6+ Kd7 59. Rxg6 Rh5
60. Rg2 Ne6+ 61. Bxe6+ Kxe6 62. Kc4 Rh4+ 63. Kb5 Kd7 64. Rc2 Kd6 65. Rd2+ Kc7
66. Kc5 Kb7 67. Kd5 Kb6 68. Ke5 Rh3 69. Rb2 Kc5 70. Kf5 Kd4 71. Kg4 Kc3 72. Rf2
Rh8 73. Rf3+ Kb2 74. h4 Rg8+ 75. Kh5 Rh8+ 76. Kg5 Rg8+ 77. Kh5 Rh8+ 78. Kg4
Rg8+ 79. Kh3 Rg1 80. h5 Rh1+ 81. Kg4 Rg1+ 82. Kf5 Rg8 83. h6 Rf8+ 84. Kg4 Rg8+
85. Kh5 Rg1 86. Rh3 Kc2 87. h7 1-0

[Event "KGSRL - CREC"]
[Site "KGSRL"]
[Date "2013.02.03"]
[Round "8.3"]
[White "Krush, Irina"]
[Black "Saiboulatov, Daniyal"]
[Result "1-0"]
[WhiteElo "2464"]
[BlackElo "2344"]
[PlyCount "70"]
[EventDate "2013.??.??"]

1. c4 b6 2. Nc3 Bb7 3. e4 e6 4. Nf3 Bb4 5. Bd3 Nh6 6. a3 Be7 7. Bc2 f5 8. d4
fxe4 9. Ne5 Nf7 10. Nxf7 Kxf7 11. Nxe4 d5 12. Qf3+ Kg8 13. Ng3 Qe8 14. Qg4 Qf7
15. Nh5 Nd7 16. cxd5 Bxd5 17. Nf4 Bc4 18. Bd2 Rd8 19. b3 Nf6 20. Qh3 Ba6 21.
Nxe6 Rd5 22. Nxc7 Rh5 23. Qf3 Bc8 24. Bd3 Be6 25. Nxe6 Qxe6+ 26. Qe2 Qd7 27.
Bc4+ Kf8 28. O-O Bd6 29. f4 g5 30. h3 g4 31. Be6 Qb7 32. hxg4 Rh4 33. Be1 Rh6
34. g5 Rg6 35. gxf6 Ke8 1-0

[Event "KGSRL - CREC"]
[Site "KGSRL"]
[Date "2013.02.03"]
[Round "8.1"]
[White "Sokolov, Ivan"]
[Black "Houriez, Clément"]
[Result "1-0"]
[WhiteElo "2676"]
[BlackElo "2355"]
[PlyCount "85"]
[EventDate "2013.??.??"]

1. d4 Nf6 2. c4 e6 3. Nc3 Bb4 4. e3 O-O 5. Nge2 d5 6. a3 Bd6 7. Ng3 b6 8. cxd5
exd5 9. Bd3 Re8 10. b4 Bb7 11. O-O a6 12. Qb3 Nbd7 13. Nf5 Bf8 14. a4 Ra7 15.
b5 g6 16. Ng3 axb5 17. Nxb5 Ra8 18. Bb2 c6 19. Nc3 Ba6 20. Bxa6 Rxa6 21. Rfe1
h5 22. h3 Bg7 23. Rad1 Qa8 24. Nge2 Ne4 25. Nxe4 Rxe4 26. Nc3 Re8 27. e4 Ra5
28. exd5 Rxe1+ 29. Rxe1 cxd5 30. Nb5 Bf8 31. Ra1 Qb7 32. Rc1 Nf6 33. Ba3 Qd7
34. Bxf8 Kxf8 35. Rc7 Qd8 36. Qc2 Kg7 37. Rb7 Ne4 38. Nc7 Qd7 39. Rb8 Qxa4 40.
Ne8+ Kh7 41. Qc7 Ra7 42. Qe5 f5 43. Nc7 1-0

[Event "KGSRL - Borgerhout "]
[Site "?"]
[Date "2012.10.07"]
[Round "2.5"]
[White "Ducarmon, Quinten"]
[Black "Van den Brande, Werner"]
[Result "1-0"]
[WhiteElo "2382"]
[BlackElo "2258"]
[PlyCount "115"]
[EventDate "2012.10.07"]

1. e4 c5 2. Nf3 e6 3. Nc3 d6 4. d4 cxd4 5. Nxd4 Nf6 6. g4 h6 7. h4 Nc6 8. Nxc6
bxc6 9. g5 hxg5 10. Bxg5 Qb6 11. b3 Qb4 12. Bxf6 gxf6 13. Qf3 Qd4 14. Qd3 Qe5
15. O-O-O Qf4+ 16. Kb1 Rxh4 17. Rg1 Rh8 18. Bg2 Bd7 19. Rgf1 Qg5 20. Bh1 Qa5
21. f4 Be7 22. e5 d5 23. exf6 Bxf6 24. Ne4 Be7 25. Ng5 Rf8 26. Nh7 Rg8 27. Ng5
Qa3 28. Qh7 Rf8 29. Qg7 O-O-O 30. Nxf7 Rg8 31. Qd4 Rdf8 32. Ne5 Bc5 33. Qd2 Be8
34. Bf3 Rg3 35. Bg4 Bd7 36. Qh2 Re3 37. Nxd7 Kxd7 38. f5 e5 39. Qh7+ Kc8 40.
f6+ Kb8 41. Qd7 Bd4 42. Rxd4 exd4 43. Qxc6 Re4 44. Be6 Qb4 45. a3 Qb6 46. Qxb6+
axb6 47. Bxd5 Re5 48. Bc4 b5 49. Bd3 Kc7 50. f7 Kd6 51. Rf4 Kc5 52. Kb2 Rg5 53.
Rf6 Rg7 54. Be4 b4 55. Rc6+ Kb5 56. a4+ Ka5 57. Bd3 Ra8 58. f8=Q 1-0

[Event "KGSRL - Borgerhout"]
[Site "?"]
[Date "2012.10.07"]
[Round "2.7"]
[White "Van Heirzeele, Daniel"]
[Black "Lombaers, Peter"]
[Result "1/2-1/2"]
[WhiteElo "2162"]
[BlackElo "2142"]
[PlyCount "40"]
[EventDate "2012.10.07"]

1. d4 f5 2. Bg5 g6 3. Nd2 Bg7 4. e3 d6 5. Bc4 Nf6 6. h4 e5 7. dxe5 dxe5 8. h5
Nc6 9. h6 Bf8 10. Qf3 Qd6 11. O-O-O Be7 12. Ne2 Qc5 13. Nc3 Bd7 14. Bxf6 Bxf6
15. Nde4 Qf8 16. Nxf6+ Qxf6 17. Nd5 Qd8 18. Nc3 Qe7 19. Nd5 Qd8 20. Nc3 Qe7
1/2-1/2

[Event "KGSRL - Borgerhout"]
[Site "KGSRL"]
[Date "2012.10.07"]
[Round "2.3"]
[White "Vandenbussche, Thibaut"]
[Black "De Haan, Eric"]
[Result "1-0"]
[WhiteElo "2392"]
[BlackElo "2362"]
[PlyCount "87"]
[EventDate "2012.??.??"]

1. e4 c5 2. Nf3 e6 3. d4 cxd4 4. Nxd4 Nc6 5. Nc3 Qc7 6. Be3 a6 7. Qf3 b5 8.
Nxc6 Qxc6 9. Bd3 Bb7 10. Qg3 h5 11. h4 b4 12. Ne2 Nf6 13. f3 Rc8 14. c4 bxc3
15. Nxc3 Qd6 16. Qxd6 Bxd6 17. Ke2 Be5 18. Na4 d5 19. Nc5 dxe4 20. fxe4 Rb8 21.
Rac1 O-O 22. b4 Rfd8 23. Rhd1 Rd6 24. Nxb7 Rxb7 25. Rc8+ Kh7 26. Bc5 Rdd7 27.
Bxa6 Nxe4 28. Bd3 f5 29. Bxe4 fxe4 30. Rxd7 Rxd7 31. a4 Rd3 32. a5 Bf4 33. Rf8
e5 34. a6 Rd2+ 35. Ke1 Rc2 36. Rxf4 exf4 37. a7 Ra2 38. b5 Ra1+ 39. Kd2 Ra2+
40. Kc3 e3 41. b6 Ra1 42. b7 Rf1 43. b8=Q e2 44. Bf2 1-0

[Event "KGSRL - Borgerhout"]
[Site "KGSRL"]
[Date "2012.10.07"]
[Round "2.1"]
[White "Michiels, Bart"]
[Black "Vedder, Henk"]
[Result "1-0"]
[WhiteElo "2505"]
[BlackElo "2434"]
[PlyCount "75"]
[EventDate "2012.??.??"]

1. d4 d5 2. c4 e6 3. Nc3 Nf6 4. cxd5 exd5 5. Bg5 Be7 6. e3 Nbd7 7. Bd3 Nf8 8.
Nf3 Ne6 9. Bh4 O-O 10. O-O g6 11. b4 Ng7 12. b5 Bf5 13. Rb1 Re8 14. Ne5 Bxd3
15. Nxd3 Ne4 16. Bxe7 Rxe7 17. Qc2 Nf5 18. Nf4 Nxc3 19. Qxc3 Qd6 20. Rfc1 g5
21. Nd3 Nh4 22. Nc5 Rae8 23. Qd3 c6 24. bxc6 bxc6 25. Rb3 f5 26. g3 Re4 27. Qd1
Rg4 28. Kh1 Qh6 29. h3 Ng6 30. Kg2 Rge4 31. Nxe4 dxe4 32. Rb7 f4 33. Qb3+ Kh8
34. Rb8 Qf8 35. Rxe8 Qxe8 36. Qc2 Qe6 37. Qxc6 f3+ 38. Kg1 1-0

[Event "KGSRL - Anderlecht"]
[Site "KGSRL"]
[Date "2012.12.16"]
[Round "6.5"]
[White "Lemmers, Oscar"]
[Black "Van Mechelen, Jan"]
[Result "1/2-1/2"]
[WhiteElo "2372"]
[BlackElo "2250"]
[PlyCount "53"]
[EventDate "2012.??.??"]

1. e4 d6 2. Nc3 c5 3. f4 g6 4. Nf3 Bg7 5. Bc4 Nc6 6. O-O Na5 7. Be2 Bg4 8. h3
Bxf3 9. Bb5+ Nc6 10. Qxf3 Qd7 11. e5 O-O-O 12. exd6 Qxd6 13. Bxc6 Qxc6 14.
Qxc6+ bxc6 15. d3 Bd4+ 16. Kh2 Nf6 17. Na4 Nd7 18. c3 Bf6 19. Be3 e6 20. a3 Be7
21. Rfd1 h5 22. b4 cxb4 23. axb4 Kb7 24. Ra2 Ra8 25. Rda1 Rhd8 26. Kg1 a5 27.
bxa5 1/2-1/2

[Event "KGSRL - Anderlecht"]
[Site "KGSRL"]
[Date "2012.12.16"]
[Round "6.3"]
[White "Vandenbussche, Thibaut"]
[Black "Van Overdam, Julian"]
[Result "0-1"]
[WhiteElo "2392"]
[BlackElo "2285"]
[PlyCount "56"]
[EventDate "2012.??.??"]

1. e4 c5 2. Nf3 e6 3. d4 cxd4 4. Nxd4 Nf6 5. Nc3 d6 6. g4 h6 7. h3 Nc6 8. Be3
a6 9. Bg2 Ne5 10. Qe2 g5 11. O-O-O Bd7 12. f4 gxf4 13. Bxf4 Rc8 14. Rhf1 b5 15.
Nf3 Nc4 16. e5 Qa5 17. Kb1 Nxb2 18. exf6 Nxd1 19. Nxd1 Qb4+ 20. Nb2 Qxf4 21.
Nd3 Qc4 22. g5 Rg8 23. h4 e5 24. c3 Be6 25. Nfe1 Qxc3 26. Qe4 d5 27. Qh7 e4 28.
Qxg8 exd3 0-1

[Event "KGSRL - Anderlecht"]
[Site "KGSRL"]
[Date "2012.12.16"]
[Round "6.1"]
[White "Michiels, Bart"]
[Black "Hovhanisian, Mher"]
[Result "1/2-1/2"]
[WhiteElo "2505"]
[BlackElo "2500"]
[PlyCount "170"]
[EventDate "2012.??.??"]

1. d4 d5 2. c4 c6 3. Nf3 Nf6 4. e3 g6 5. Nc3 Bg7 6. Bd3 O-O 7. O-O dxc4 8. Bxc4
Bg4 9. h3 Bxf3 10. Qxf3 Nbd7 11. Rd1 e5 12. d5 e4 13. Nxe4 Nxe4 14. Qxe4 Nb6
15. Be2 cxd5 16. Qd3 Qc7 17. Rb1 Rfd8 18. Bd2 d4 19. Qb3 Qe7 20. Bf3 Rac8 21.
Rbc1 Rxc1 22. Bxc1 Rd7 23. Qc2 dxe3 24. Bxe3 Rxd1+ 25. Bxd1 Qb4 26. b3 Qe1+ 27.
Kh2 Be5+ 28. g3 Nd5 29. Bxa7 b6 30. Bf3 Bd4 31. Qe2 Qxe2 32. Bxe2 Nb4 33. Bb8
Nxa2 34. Kg2 Nc3 35. Bd3 f5 36. g4 fxg4 37. hxg4 g5 38. Kg3 Kg7 39. f4 h6 40.
f5 Kf6 41. Kf3 Be5 42. Bxe5+ Kxe5 43. Bc4 Ne4 44. Be6 Nf6 45. Bc8 Kd5 46. Be6+
Kd4 47. Bc8 Ne4 48. Be6 Nc5 49. Bc4 Nd7 50. Be6 Ne5+ 51. Kg3 Ke3 52. Bc8 Nf7
53. Be6 Nd6 54. Bd5 Ne8 55. Bc6 Nf6 56. Bb7 Kd4 57. Bc8 Ke4 58. Ba6 Ke3 59. Bb7
Kd3 60. Bc8 Ne4+ 61. Kf3 Nd2+ 62. Kg2 Ke3 63. f6 Nf3 64. f7 Nh4+ 65. Kf1 Ng6
66. Ke1 Nf8 67. Kd1 Kd3 68. Ba6+ Kc3 69. Bc4 b5 70. Bd5 Kd4 71. Bc6 Kc3 72. Bd5
Kd4 73. Bc6 Kc3 74. Bxb5 Kxb3 75. Kd2 Kb4 76. Bd3 Kc5 77. Ke3 Kd5 78. Bc2 Ke5
79. Bb3 Ng6 80. Bc2 Nf8 81. Bb3 Kf6 82. Ke4 Nd7 83. Ba2 Nf8 84. Bb3 Nd7 85. Ba2
Nf8 1/2-1/2

[Event "KGSRL - Amay"]
[Site "?"]
[Date "2012.12.02"]
[Round "5.8"]
[White "Ducarmon, Renzo"]
[Black "Noiroux, Kevin"]
[Result "0-1"]
[WhiteElo "2168"]
[BlackElo "2060"]
[PlyCount "68"]
[EventDate "2012.??.??"]

1. e4 d5 2. exd5 Qxd5 3. Nc3 Qa5 4. d4 Nf6 5. Nf3 Bf5 6. Bd2 c6 7. Bc4 e6 8.
Qe2 Bb4 9. a3 Nbd7 10. O-O-O Bxc3 11. Bxc3 Qc7 12. Ne5 Nxe5 13. dxe5 Nd5 14.
Bd2 O-O-O 15. g4 Bg6 16. f4 h5 17. h3 Qb6 18. Qf3 Qd4 19. Bxd5 Qxd5 20. Qxd5
cxd5 21. Rhg1 hxg4 22. hxg4 Be4 23. Rdf1 g6 24. Rf2 Rh3 25. g5 Rdh8 26. Bc3
R8h4 27. Bd4 b6 28. Rgf1 Kb7 29. Kd2 a5 30. Be3 Rh8 31. Rc1 Rc8 32. Bd4 Rc4 33.
c3 Rd3+ 34. Ke2 Rdxd4 0-1

[Event "KGSRL - Amay"]
[Site "?"]
[Date "2012.12.02"]
[Round "5.2"]
[White "Van der Stricht, Geert"]
[Black "Kiselev, Vitaliy"]
[Result "1/2-1/2"]
[WhiteElo "2412"]
[BlackElo "2517"]
[PlyCount "50"]
[EventDate "2012.??.??"]

1. d4 Nf6 2. c4 c5 3. d5 b5 4. cxb5 a6 5. bxa6 g6 6. Nc3 Bxa6 7. Nf3 Bg7 8. g3
O-O 9. Bg2 d6 10. O-O Nfd7 11. Qc2 Nb6 12. Rd1 N8d7 13. e4 Nc4 14. Bf1 Qa5 15.
Bxc4 Bxc4 16. Bd2 Rfb8 17. b3 Ba6 18. a4 Qd8 19. Rab1 Rb7 20. Be1 Qe8 21. Kg2
Rab8 22. Na2 Nb6 23. h4 c4 24. Nb4 cxb3 25. Rxb3 Nxa4 1/2-1/2

[Event "Fontaine - Zottegem"]
[Site "?"]
[Date "2013.02.17"]
[Round "9.8"]
[White "Capone, Nicola"]
[Black "Van Melkebeke, Willem"]
[Result "0-1"]
[WhiteElo "2180"]
[BlackElo "2077"]
[PlyCount "74"]
[EventDate "2013.??.??"]

1. e4 c5 2. Nf3 e6 3. d4 cxd4 4. Nxd4 Nc6 5. Nc3 Qc7 6. Be3 a6 7. Be2 Nf6 8. a3
d6 9. f4 Be7 10. O-O O-O 11. Bf3 Re8 12. Qd3 Bd7 13. Nce2 Rac8 14. Rac1 b5 15.
Nxc6 Bxc6 16. Nd4 Bb7 17. f5 e5 18. Ne2 d5 19. exd5 e4 20. Bxe4 Nxe4 21. Kh1
Qc4 22. Qxc4 Rxc4 23. b3 Rcc8 24. c4 Bxa3 25. Ra1 Bc5 26. Bxc5 Nxc5 27. Nd4
bxc4 28. bxc4 Re4 29. Rfd1 Rxd4 30. Rxd4 Nb3 31. Rb1 Nxd4 32. Rxb7 Nxf5 33. c5
Kf8 34. c6 Ke8 35. g4 Nd6 36. Ra7 Nb5 37. Rxa6 Nc7 0-1

[Event "Fontaine - Zottegem"]
[Site "?"]
[Date "2013.02.17"]
[Round "9.6"]
[White "Wantola, Ivo"]
[Black "De Herdt, Yasseen"]
[Result "1/2-1/2"]
[WhiteElo "2337"]
[BlackElo "2127"]
[PlyCount "133"]
[EventDate "2013.??.??"]

1. Nf3 c5 2. c4 Nf6 3. Nc3 Nc6 4. g3 g6 5. Bg2 Bg7 6. O-O d6 7. d4 cxd4 8. Nxd4
Bd7 9. c5 dxc5 10. Nxc6 Bxc6 11. Bxc6+ bxc6 12. Na4 O-O 13. Qc2 Qa5 14. Nxc5
Nd5 15. Nd3 Rfd8 16. Bd2 Qa6 17. Rac1 Rac8 18. Qc4 Qb5 19. b3 e5 20. Rc2 Nb6
21. Qb4 Nd5 22. Qxb5 cxb5 23. Rfc1 Rxc2 24. Rxc2 e4 25. Nf4 Nxf4 26. Bxf4 Bd4
27. e3 Bb6 28. Be5 f5 29. Kf1 Kf7 30. Bd4 Bxd4 31. Rc7+ Ke6 32. exd4 Rd7 33.
Rc5 a6 34. Re5+ Kf6 35. Rc5 Ke6 36. Re5+ Kf7 37. g4 Kf6 38. gxf5 gxf5 39. Rc5
Ke6 40. Re5+ Kf6 41. Rc5 Rxd4 42. Rc6+ Ke5 43. Rxa6 Rd2 44. a4 bxa4 45. bxa4
Ra2 46. Rh6 Rxa4 47. Rxh7 Ra1+ 48. Kg2 Ra2 49. Rh8 Kf4 50. Kf1 Ra1+ 51. Kg2 Ra2
52. Kf1 e3 53. fxe3+ Kxe3 54. Rh3+ Ke4 55. Kg1 Ra1+ 56. Kf2 Ra2+ 57. Kg1 f4 58.
Rb3 f3 59. h4 Kf4 60. Rb8 Ra1+ 61. Kf2 Ra2+ 62. Kf1 Ra1+ 63. Kf2 Ra2+ 64. Kf1
Kg3 65. Rg8+ Kxh4 66. Rf8 Kg3 67. Rg8+ 1/2-1/2

[Event "Fontaine - Zottegem"]
[Site "?"]
[Date "2013.02.17"]
[Round "9.4"]
[White "Maréchal, Andy"]
[Black "Roos, David"]
[Result "0-1"]
[WhiteElo "2380"]
[BlackElo "2164"]
[PlyCount "74"]
[EventDate "2013.??.??"]

1. e4 e5 2. Nf3 Nc6 3. Bc4 Bc5 4. c3 Nf6 5. d3 a6 6. Bb3 Ba7 7. h3 h6 8. Nbd2
d6 9. Nf1 Be6 10. Ng3 d5 11. Qe2 Qd6 12. O-O O-O-O 13. Re1 dxe4 14. Bxe6+ Qxe6
15. dxe4 g6 16. Nh2 Nd7 17. Be3 Nc5 18. Nhf1 f5 19. Bxc5 Bxc5 20. b4 Bb6 21.
Nd2 f4 22. Ngf1 Kb8 23. a4 a5 24. bxa5 Nxa5 25. Reb1 g5 26. Rb5 h5 27. Rab1 g4
28. Rxa5 gxh3 29. Rxb6 cxb6 30. Rb5 Rdg8 31. g3 h4 32. Qd3 hxg3 33. fxg3 fxg3
34. Nxg3 Rxg3+ 35. Qxg3 Rg8 36. Nf1 Rxg3+ 37. Nxg3 Qa2 0-1

[Event "Fontaine - Zottegem"]
[Site "?"]
[Date "2013.02.17"]
[Round "9.2"]
[White "Cekro, Ekren"]
[Black "Hamblok, Roel"]
[Result "1/2-1/2"]
[WhiteElo "2404"]
[BlackElo "2261"]
[PlyCount "33"]
[EventDate "2013.??.??"]

1. c4 e6 2. g3 d5 3. Bg2 Nf6 4. Nf3 Be7 5. O-O O-O 6. b3 c5 7. cxd5 exd5 8. d4
Nc6 9. Bb2 Bg4 10. dxc5 Bxc5 11. Nc3 a6 12. Rc1 Ba7 13. Na4 Ne4 14. Nd4 Bxd4
15. Bxd4 Bxe2 16. Qxe2 Nxd4 17. Qd3 1/2-1/2

[Event "Fontaine - Wirtzfeld"]
[Site "?"]
[Date "2012.12.02"]
[Round "5.8"]
[White "Barreau, Renaud"]
[Black "Sonntag, Hans-Hubert"]
[Result "1/2-1/2"]
[WhiteElo "1888"]
[BlackElo "2374"]
[PlyCount "74"]
[EventDate "2012.12.02"]

1. d4 Nf6 2. Nf3 e6 3. Bf4 c5 4. c3 d5 5. e3 Nc6 6. Nbd2 Bd6 7. Bg3 O-O 8. Bd3
Re8 9. O-O e5 10. dxe5 Nxe5 11. Nxe5 Bxe5 12. Qc2 Bxg3 13. hxg3 Bg4 14. Rfe1
Qc7 15. e4 h6 16. exd5 Nxd5 17. Nf3 Nf6 18. Rxe8+ Rxe8 19. Re1 Rxe1+ 20. Nxe1
Qe5 21. Nf3 Qd5 22. c4 Qh5 23. Be4 b6 24. Qd3 g6 25. Qd8+ Kg7 26. Qe7 Nxe4 27.
Qxe4 Qf5 28. Nd2 Qxe4 29. Nxe4 Bd7 30. f3 Bc6 31. Nd2 Kf6 32. Kf2 Ke5 33. Ke3
g5 34. g4 f5 35. gxf5 Kxf5 36. g4+ Ke5 37. a3 a5 1/2-1/2

[Event "Fontaine - Wirtzfeld"]
[Site "?"]
[Date "2012.12.02"]
[Round "5.6"]
[White "Capone, Nicolas"]
[Black "Ris, Robert"]
[Result "0-1"]
[WhiteElo "2180"]
[BlackElo "2415"]
[PlyCount "76"]
[EventDate "2012.12.02"]

1. e4 e5 2. Nf3 Nc6 3. Bc4 Nf6 4. d3 Bc5 5. O-O O-O 6. c3 d5 7. exd5 Nxd5 8. d4
exd4 9. cxd4 Bb6 10. Nc3 Nce7 11. Bg5 f6 12. Be3 Bg4 13. h3 Bh5 14. Ne4 c6 15.
Nc5 Bxc5 16. dxc5 Bf7 17. Qb3 Qc7 18. Nd4 Kh8 19. Rfe1 Rad8 20. Rad1 Rfe8 21.
Bc1 Qd7 22. f4 Ng6 23. Rxe8+ Rxe8 24. f5 Ne5 25. Bxd5 Bxd5 26. Qc2 Qf7 27. b3
Qh5 28. Rf1 Qh4 29. Bf4 Nf3+ 30. Nxf3 Qxf4 31. Qd3 h6 32. Nd4 Qg5 33. Rf2 Re1+
34. Kh2 Re3 35. Qd2 Qg3+ 36. Kg1 Rd3 37. Qb2 Rd1+ 38. Rf1 Rxd4 0-1

[Event "Fontaine - Wirtzfeld"]
[Site "?"]
[Date "2012.12.02"]
[Round "5.4"]
[White "Wantiez, Fabrice"]
[Black "Winants, Luc"]
[Result "0-1"]
[WhiteElo "2379"]
[BlackElo "2545"]
[PlyCount "81"]
[EventDate "2012.12.02"]

1. e4 e5 2. Nf3 Nc6 3. Bb5 a6 4. Ba4 Nf6 5. O-O d6 6. c3 Bd7 7. Re1 g6 8. d4 b5
9. Bb3 Bg7 10. a4 O-O 11. axb5 axb5 12. Rxa8 Qxa8 13. Bg5 Re8 14. Na3 Qb7 15.
Qd3 b4 16. cxb4 Nxb4 17. Qc4 Be6 18. d5 Bd7 19. Rc1 Rb8 20. Nd2 Na6 21. h3 Nh5
22. Be3 Nf4 23. Kh2 Qc8 24. Ba4 Bxh3 25. Bxf4 Rb4 26. Qc6 exf4 27. gxh3 Bxb2
28. Bb5 Bxc1 29. Bxa6 Qb8 30. Qxc1 Qb6 31. Qe1 Qxa6 32. Nc2 Rb2 33. e5 dxe5 34.
Qxe5 Rxc2 35. Ne4 Re2 36. Qe8+ Kg7 37. Qe5+ Kf8 38. d6 cxd6 39. Qh8+ Ke7 40.
Qf6+ Ke8 41. Qh8+ 0-1

[Event "Fontaine - Wirtzfeld"]
[Site "?"]
[Date "2012.12.02"]
[Round "5.2"]
[White "Cekro, Ekrem"]
[Black "Edouard, Romain"]
[Result "0-1"]
[WhiteElo "2404"]
[BlackElo "2646"]
[PlyCount "116"]
[EventDate "2012.12.02"]

1. c4 Nf6 2. g3 e5 3. Bg2 c6 4. d4 exd4 5. Qxd4 d5 6. Nf3 Be6 7. Ng5 Nbd7 8.
O-O Bc5 9. Qf4 Qe7 10. cxd5 Bxd5 11. Nf3 O-O 12. Nc3 Rfe8 13. Qh4 Be6 14. h3
Nf8 15. Bg5 Ng6 16. Qa4 Bb6 17. Rad1 h6 18. Bxf6 Qxf6 19. Nd4 Bd7 20. Nb3 Rad8
21. Na5 Bc8 22. Rxd8 Rxd8 23. Nc4 Bd4 24. Ne4 Qe7 25. Qc2 Bf5 26. Rd1 Bxf2+ 27.
Kxf2 Rxd1 28. Qxd1 Bxe4 29. Qd6 Bxg2 30. Qxe7 Nxe7 31. Kxg2 Nc8 32. Kf3 f6 33.
e4 Kf7 34. e5 fxe5 35. Nxe5+ Ke6 36. Nd3 Nd6 37. h4 b6 38. h5 c5 39. Kf4 c4 40.
Ne5 Kd5 41. g4 b5 42. a3 a5 43. Nf3 b4 44. axb4 axb4 45. g5 hxg5+ 46. Kxg5 Ne4+
47. Kg6 c3 48. bxc3 b3 49. c4+ Kxc4 50. Kxg7 b2 51. Nd2+ Nxd2 52. h6 b1=Q 53.
h7 Qb7+ 54. Kg8 Qc8+ 55. Kg7 Qd7+ 56. Kg8 Qe8+ 57. Kg7 Qe7+ 58. Kg8 Ne4 0-1

[Event "Fontaine - Rochade"]
[Site "?"]
[Date "2012.12.16"]
[Round "6.7"]
[White "Le Corre, Benjamin"]
[Black "Marcziter, Dmitrii"]
[Result "1-0"]
[WhiteElo "2336"]
[BlackElo "2300"]
[PlyCount "127"]
[EventDate "2012.12.16"]

1. e4 c5 2. Nf3 a6 3. b3 Nc6 4. Bb2 d6 5. g3 Nf6 6. d3 Bg4 7. h3 Bd7 8. Bg2 Qc8
9. Nbd2 b5 10. d4 cxd4 11. Nxd4 Nxd4 12. Bxd4 e5 13. Bb2 Be7 14. c4 b4 15. Qe2
a5 16. f4 Qc5 17. Qf2 Rc8 18. Qxc5 Rxc5 19. O-O O-O 20. a4 Nh5 21. Kh2 exf4 22.
gxf4 Bh4 23. Bd4 Bg3+ 24. Kg1 Nxf4 25. Bxc5 Ne2+ 26. Kh1 dxc5 27. Bf3 Nd4 28.
Kg2 Be5 29. Rab1 Nc2 30. Rh1 Bf4 31. Bd1 Nd4 32. Nf3 f5 33. Nxd4 cxd4 34. Bf3
Re8 35. exf5 Bxf5 36. Bd5+ Kh8 37. Rbf1 g5 38. h4 Bd3 39. Rd1 Re2+ 40. Kf3 Re3+
41. Kg2 g4 42. Rhe1 Bc2 43. Rxd4 Rxe1 44. Rxf4 Bxb3 45. Rxg4 h5 46. Rg8+ Kh7
47. Ra8 Re2+ 48. Kg3 Bc2 49. Rxa5 b3 50. Rb5 Bd1 51. c5 b2 52. c6 Re5 53. c7
Bg4 54. Ba2 Re3+ 55. Kf4 Rc3 56. a5 Rxc7 57. Rxb2 Rc5 58. Bb1+ Kg7 59. a6 Ra5
60. Rb7+ Kf6 61. a7 Ra4+ 62. Be4 Be6 63. Ke3 Ra3+ 64. Kd4 1-0

[Event "Fontaine - Rochade"]
[Site "?"]
[Date "2012.12.16"]
[Round "6.5"]
[White "Maréchal, Andy"]
[Black "Coenen, Michael"]
[Result "0-1"]
[WhiteElo "2380"]
[BlackElo "2330"]
[PlyCount "120"]
[EventDate "2012.12.16"]

1. e4 c5 2. Nc3 d6 3. f4 Nf6 4. Nf3 a6 5. g3 b5 6. d3 Bb7 7. Bg2 b4 8. Ne2 e6
9. O-O Be7 10. h3 Qc7 11. g4 Nc6 12. Qe1 d5 13. e5 Nd7 14. c3 a5 15. c4 dxc4
16. dxc4 a4 17. Be3 Na5 18. Nd2 Bxg2 19. Kxg2 Qb7+ 20. Kh2 O-O 21. Qf2 b3 22.
Nc3 Nb6 23. axb3 Nxb3 24. Nxb3 axb3 25. Rxa8 Rxa8 26. Bxc5 Nxc4 27. Bxe7 Qxe7
28. Rd1 h6 29. Rd3 Rd8 30. Rxd8+ Qxd8 31. Kg3 Qd3+ 32. Qf3 Nxb2 33. Qxd3 Nxd3
34. h4 g5 35. fxg5 hxg5 36. hxg5 Nxe5 37. Kf4 Nc4 38. Nb1 Kg7 39. Ke4 Kg6 40.
Kf4 b2 41. Ke4 Kxg5 42. Kd4 Nb6 43. Kc3 Kxg4 44. Kxb2 f5 45. Kc3 e5 46. Kd3 Kf3
47. Nc3 e4+ 48. Kd2 e3+ 49. Ke1 f4 50. Kf1 Nd7 51. Ke1 Nc5 52. Kf1 Ne4 53. Nd5
Ng3+ 54. Ke1 Ke4 55. Nc3+ Kd3 56. Nd1 f3 57. Nb2+ Kc3 58. Nd1+ Kd4 59. Nf2
exf2+ 60. Kxf2 Ke4 0-1

[Event "Fontaine - Rochade"]
[Site "?"]
[Date "2012.12.16"]
[Round "6.3"]
[White "Philippe, Christophe"]
[Black "Feygin, Michael"]
[Result "1/2-1/2"]
[WhiteElo "2403"]
[BlackElo "2538"]
[PlyCount "80"]
[EventDate "2012.12.16"]

1. e4 e6 2. Nf3 d5 3. Nc3 Nf6 4. e5 Nfd7 5. d4 c5 6. dxc5 Nc6 7. Bf4 Nxc5 8. a3
h6 9. h4 Be7 10. b4 Nd7 11. Bd3 Nb6 12. h5 Bd7 13. Rh3 Rc8 14. Nb5 a6 15. Nbd4
Nxd4 16. Nxd4 Qc7 17. Kf1 Nc4 18. Qe2 Bg5 19. Bxg5 hxg5 20. Re1 Qb6 21. Qg4
Nd2+ 22. Kg1 Ne4 23. Bxe4 dxe4 24. Qxg5 Qxd4 25. Qxg7 Rf8 26. h6 Rxc2 27. Rhe3
Qd2 28. R3e2 Qxe2 29. Rxe2 Rxe2 30. h7 e3 31. Qxf8+ Kxf8 32. h8=Q+ Ke7 33. Qh4+
Ke8 34. fxe3 Rxe3 35. g4 Rxa3 36. Qh8+ Ke7 37. Qf6+ Ke8 38. Qh8+ Ke7 39. Qf6+
Ke8 40. Qh8+ Ke7 1/2-1/2

[Event "Fontaine - Rochade"]
[Site "?"]
[Date "2012.12.16"]
[Round "6.1"]
[White "Todorov, Todor"]
[Black "Berelowitsch, Alexander"]
[Result "1/2-1/2"]
[WhiteElo "2501"]
[BlackElo "2582"]
[PlyCount "135"]
[EventDate "2012.12.16"]

1. e4 e6 2. d4 d5 3. exd5 exd5 4. Bd3 Nc6 5. c3 Bd6 6. Qf3 Be6 7. Bf4 Bxf4 8.
Qxf4 Nf6 9. Ne2 O-O 10. Nd2 Na5 11. O-O-O Nc4 12. Rhg1 c6 13. g4 Nxd2 14. Rxd2
Ne4 15. Rdd1 Qh4 16. Rdf1 Rae8 17. Bxe4 dxe4 18. b3 a5 19. g5 Qxf4+ 20. Nxf4 f6
21. g6 Bf5 22. Kd2 Re7 23. h4 hxg6 24. Rxg6 Bxg6 25. Nxg6 Rfe8 26. Nxe7+ Rxe7
27. Ke3 g6 28. Rg1 Kf7 29. c4 Re8 30. d5 Rh8 31. Kxe4 Rxh4+ 32. Ke3 cxd5 33.
cxd5 a4 34. bxa4 Rxa4 35. Rb1 Ke7 36. Rxb7+ Kd6 37. Rb6+ Kxd5 38. Rxf6 Ke5 39.
Rxg6 Ra3+ 40. Ke2 Rxa2+ 41. Kf3 Kf5 42. Rc6 Ra3+ 43. Kg2 Ra4 44. Rc8 Rg4+ 45.
Kf1 Ra4 46. Rf8+ Kg5 47. Kg2 Rg4+ 48. Kf3 Ra4 49. Re8 Kf5 50. Re3 Rf4+ 51. Kg2
Rg4+ 52. Kf3 Rf4+ 53. Ke2 Re4 54. Rxe4 Kxe4 55. f3+ Kf4 56. Kf2 Kf5 57. Ke3 Ke5
58. f4+ Kf5 59. Kf3 Kf6 60. Ke4 Ke6 61. f5+ Kf6 62. Kf4 Kf7 63. Ke5 Ke7 64. f6+
Kf7 65. Kf5 Kf8 66. Ke6 Ke8 67. f7+ Kf8 68. Kf6 1/2-1/2